| 000 | 00567nam a2200169Ia 4500 | ||
|---|---|---|---|
| 008 | 220216s9999 xx 000 0 und d | ||
| 100 | _aJasree P K | ||
| 245 | 0 | _aEffect of cytokinins on in vitro germination of Hevea somatic embryos | |
| 260 | _bBiotechnology and Rubber Tree : Proceedings of IRRDB Symposium 25-28 September 2001. CIRAD-CP/Rubber Programme, Montpellier, France | ||
| 650 | _aCytokinins | ||
| 650 | _aHevea | ||
| 650 | _aIn vitro germination | ||
| 650 | _aSomatic embryos | ||
| 700 | _aSunitha S S | ||
| 700 | _aThulaseedharan A | ||
| 942 | _cJS | ||
| 999 |
_c57772 _d57772 |
||